[Event "ENCI Limburg-open B"]
[Site "Maastricht"]
[Date "2009.05.31"]
[Round "5"]
[White "Kloppenburg, Geert"]
[Black "Debusschere, Helmuth"]
[Result "1-0"]
[WhiteElo "1915"]
[BlackElo "1824"]
[PlyCount "67"]
[EventDate "2009.05.29"]
[EventType "swiss"]
[EventRounds "7"]
[EventCountry "NED"]
[Source "P.Boonen"]
[SourceDate "2010.01.01"]

1. d4 c5 2. c3 e6 3. Nf3 d5 4. Bg5 Nf6 5. Bxf6 Qxf6 6. e3 Bd6 7. Nbd2 cxd4 8.
exd4 O-O 9. Bd3 Nd7 10. Qc2 h6 11. O-O Re8 12. Rfe1 a6 13. a4 g5 14. h3 Kg7 15.
Nf1 Rh8 16. Ne3 h5 17. Qe2 Qh6 18. Ne5 Bxe5 19. dxe5 Kf8 20. Nf1 Qg7 21. Qe3
Rg8 22. c4 dxc4 23. Bxc4 Qh8 24. Rad1 g4 25. h4 g3 26. Nxg3 Rg4 27. b3 Rxh4 28.
Bxe6 fxe6 29. Qg5 Rg4 30. Qd8+ Kg7 31. Qe7+ Kh6 32. Qxe6+ Rg6 33. Nf5+ Kg5 34.
f4+ 1-0

[Event "ENCI Limburg-open B"]
[Site "Maastricht"]
[Date "2009.05.31"]
[Round "5"]
[White "Kocur, Marc"]
[Black "Cox, Jan"]
[Result "1/2-1/2"]
[WhiteElo "1887"]
[BlackElo "1771"]
[PlyCount "48"]
[EventDate "2009.05.29"]
[EventType "swiss"]
[EventRounds "7"]
[EventCountry "NED"]
[Source "P.Boonen"]
[SourceDate "2010.01.01"]

1. Nc3 e5 2. d4 exd4 3. Qxd4 Nc6 4. Qa4 d5 5. Nf3 Nf6 6. Bg5 Be7 7. O-O-O Be6
8. e4 O-O 9. Bxf6 Bxf6 10. Nxd5 Bxd5 11. exd5 a6 12. Bd3 Ne7 13. h4 Nxd5 14.
Bxh7+ Kxh7 15. Qe4+ Kg8 16. Rxd5 Qe7 17. Qxe7 Bxe7 18. Rhd1 Bd6 19. g3 Rfe8 20.
Re1 Rxe1+ 21. Nxe1 Re8 22. Kd2 Re6 23. c3 Kf8 24. Nc2 Rf6 1/2-1/2

[Event "ENCI Limburg-open B"]
[Site "Maastricht"]
[Date "2009.05.31"]
[Round "5"]
[White "Laarhoven, Marcel"]
[Black "Breest, Axel"]
[Result "1/2-1/2"]
[WhiteElo "1872"]
[BlackElo "1818"]
[PlyCount "49"]
[EventDate "2009.05.29"]
[EventType "swiss"]
[EventRounds "7"]
[EventCountry "NED"]
[Source "P.Boonen"]
[SourceDate "2010.01.01"]

1. e4 d5 2. exd5 c6 3. dxc6 Nxc6 4. b3 Nf6 5. Bb2 e5 6. Nc3 Bc5 7. Qe2 O-O 8.
O-O-O Re8 9. f3 Bf5 10. Ne4 Bxe4 11. fxe4 Nd4 12. Qe1 Qa5 13. Kb1 Rec8 14. c3
Nb5 15. Bxb5 Qxb5 16. d4 exd4 17. cxd4 Bb4 18. Qe3 a5 19. a3 Bf8 20. Ne2 Nxe4
21. Ng3 Nf6 22. Rhf1 Ra6 23. Nf5 Re6 24. Qg5 Qxb3 25. Nh6+ 1/2-1/2

[Event "ENCI Limburg-open B"]
[Site "Maastricht"]
[Date "2009.05.31"]
[Round "5"]
[White "Lenaerts, Lennert"]
[Black "Whitmire, James David"]
[Result "1-0"]
[WhiteElo "1720"]
[BlackElo "1831"]
[PlyCount "117"]
[EventDate "2009.05.29"]
[EventType "swiss"]
[EventRounds "7"]
[EventCountry "NED"]
[Source "P.Boonen"]
[SourceDate "2010.01.01"]

1. d4 Nf6 2. Nf3 d6 3. e3 g6 4. b3 Bg7 5. Bb2 Nbd7 6. Nbd2 e5 7. dxe5 Ng4 8.
Nc4 b5 9. e6 Nde5 10. Ncxe5 Nxe5 11. Nxe5 dxe5 12. Bxb5+ Ke7 13. Ba3+ Kxe6 14.
Qg4+ f5 15. Qc4+ Kf6 16. Qc6+ Be6 17. Rd1 Qc8 18. Ba6 Qe8 19. Qxc7 Bf8 20.
Qxe5+ Kf7 21. Qxh8 Bb4+ 22. Bxb4 Qxh8 23. O-O Rd8 24. Ba3 Rxd1 25. Rxd1 Qc3 26.
Bd3 Qa5 27. Bb2 h5 28. Bd4 h4 29. h3 g5 30. e4 f4 31. f3 Qc7 32. Bb2 Qc5+ 33.
Kf1 Qc8 34. e5 Bxh3 35. Bc4+ Ke8 36. e6 Bf5 37. Bf6 a6 38. Rd8+ Qxd8 39. Bxd8
Kxd8 40. Bd3 Bxe6 41. Bxa6 Kc7 42. Kf2 Kb6 43. Bf1 Kc5 44. c3 Bf5 45. Ke2 Kd5
46. Kd2 Kc5 47. b4+ Kd5 48. a4 Bd7 49. a5 Kd6 50. c4 Bf5 51. Kc3 g4 52. fxg4
Bxg4 53. Kd4 f3 54. gxf3 Bxf3 55. Bh3 Bc6 56. Ke3 Ke5 57. b5 Be8 58. a6 Bg6 59.
c5 1-0

[Event "ENCI Limburg-open B"]
[Site "Maastricht"]
[Date "2009.05.31"]
[Round "5"]
[White "Liekens, Ronny"]
[Black "Ducarmon, Renzo"]
[Result "0-1"]
[WhiteElo "1889"]
[BlackElo "1670"]
[PlyCount "48"]
[EventDate "2009.05.29"]
[EventType "swiss"]
[EventRounds "7"]
[EventCountry "NED"]
[Source "P.Boonen"]
[SourceDate "2010.01.01"]

1. e4 c5 2. Nf3 d6 3. d4 cxd4 4. Nxd4 Nf6 5. Nc3 a6 6. Be2 e5 7. Nb3 Be7 8. O-O
Be6 9. Be3 Nbd7 10. f4 exf4 11. Rxf4 Ne5 12. Bd4 b5 13. Bd3 Bc4 14. Bxc4 Nxc4
15. Nd5 Nxd5 16. exd5 Ne5 17. Nd2 Qc7 18. Ne4 Rd8 19. c3 O-O 20. Qd2 f5 21. Ng3
Bg5 22. Qf2 Bxf4 23. Qxf4 Qf7 24. Re1 Nd3 0-1

[Event "ENCI Limburg-open B"]
[Site "Maastricht"]
[Date "2009.05.31"]
[Round "5"]
[White "Maas, Joop"]
[Black "Vereggen, Lars"]
[Result "1-0"]
[WhiteElo "1827"]
[BlackElo "1779"]
[PlyCount "85"]
[EventDate "2009.05.29"]
[EventType "swiss"]
[EventRounds "7"]
[EventCountry "NED"]
[Source "P.Boonen"]
[SourceDate "2010.01.01"]

1. d4 Nf6 2. Nf3 g6 3. Bg5 Bg7 4. Nbd2 d5 5. e3 O-O 6. Be2 c5 7. O-O Nc6 8. c3
b6 9. Rc1 Bb7 10. a3 h6 11. Bh4 Rc8 12. Bd3 Re8 13. Bb1 e5 14. dxe5 Nxe5 15.
Nxe5 Rxe5 16. Nf3 Re8 17. Qa4 Bc6 18. Qb3 Qd7 19. Qd1 Ne4 20. Nd2 Nd6 21. Bd3
Nf5 22. Bg3 Nxg3 23. hxg3 Qb7 24. Qe2 d4 25. Ba6 Qa8 26. Bxc8 Rxc8 27. Nf3 dxc3
28. bxc3 Be4 29. c4 Qc6 30. Rfd1 Re8 31. Ne1 Qc7 32. Rd2 Qe5 33. Nd3 Qc7 34.
Nf4 Qc8 35. Rcd1 Qa6 36. Rd8 Rxd8 37. Rxd8+ Kh7 38. f3 Bc6 39. Qd3 Qa5 40. Rc8
Qe1+ 41. Kh2 Ba4 42. Rc7 Be8 43. Re7 1-0

[Event "ENCI Limburg-open B"]
[Site "Maastricht"]
[Date "2009.05.31"]
[Round "5"]
[White "Overtoom, Reinier"]
[Black "Spoelstra, Henri"]
[Result "1/2-1/2"]
[WhiteElo "1725"]
[BlackElo "1717"]
[PlyCount "67"]
[EventDate "2009.05.29"]
[EventType "swiss"]
[EventRounds "7"]
[EventCountry "NED"]
[Source "P.Boonen"]
[SourceDate "2010.01.01"]

1. Nc3 Nf6 2. e4 d6 3. d4 g6 4. f3 Bg7 5. Be3 c6 6. Qd2 b5 7. Nge2 Qc7 8. Nf4
e5 9. dxe5 dxe5 10. Nd3 O-O 11. Qf2 Nbd7 12. Be2 a5 13. a3 Bb7 14. O-O Ba6 15.
Rfd1 Rac8 16. b4 Ra8 17. Nc5 axb4 18. axb4 Bb7 19. Ra2 Rxa2 20. Nxa2 Ra8 21.
Nc1 Nxc5 22. Bxc5 Bc8 23. Bd6 Qb7 24. Bxe5 Be6 25. Qd4 Nh5 26. Bxg7 Nxg7 27.
Nd3 h6 28. Nc5 Qc7 29. c4 bxc4 30. Bxc4 Bxc4 31. Qxc4 Rd8 32. Rb1 Qf4 33. Qc1
Rd2 34. Qe1 1/2-1/2

[Event "ENCI Limburg-open B"]
[Site "Maastricht"]
[Date "2009.05.31"]
[Round "5"]
[White "Provinciael, Ernest"]
[Black "Schmitz, Martin"]
[Result "0-1"]
[WhiteElo "1901"]
[BlackElo "1838"]
[PlyCount "79"]
[EventDate "2009.05.29"]
[EventType "swiss"]
[EventRounds "7"]
[EventCountry "NED"]
[Source "P.Boonen"]
[SourceDate "2010.01.01"]

1. e4 c5 2. d4 cxd4 3. c3 dxc3 4. Nxc3 e6 5. Bf4 a6 6. e5 Ne7 7. Nf3 Ng6 8. Bg3
Nc6 9. Bd3 Qa5 10. Qe2 Bb4 11. Rc1 Qxa2 12. O-O Qa5 13. h4 Qb6 14. Rfd1 Nge7
15. Bf4 Nd4 16. Nxd4 Qxd4 17. g3 Qa7 18. Qg4 Ng6 19. h5 Nxf4 20. Qxg7 Nh3+ 21.
Kg2 Qxf2+ 22. Kxh3 Rf8 23. Bxh7 d5 24. Rf1 Qxb2 25. Bg8 f6 26. h6 Bd7 27. h7
Bc6 28. h8=Q O-O-O 29. Qhh7 Kb8 30. Na4 Qe2 31. Rfe1 Bxe1 32. Rxc6 Qf1+ 33. Kg4
Qf5+ 34. Qxf5 exf5+ 35. Kxf5 fxe5+ 36. Ke6 bxc6 37. Nc5 Rfe8+ 38. Kf7 Rf8+ 39.
Ke6 Rfe8+ 40. Kf7 0-1

[Event "ENCI Limburg-open B"]
[Site "Maastricht"]
[Date "2009.05.31"]
[Round "5"]
[White "Roufs, Gerard"]
[Black "Swijsen, Lars"]
[Result "1-0"]
[WhiteElo "1948"]
[BlackElo "1860"]
[PlyCount "73"]
[EventDate "2009.05.29"]
[EventType "swiss"]
[EventRounds "7"]
[EventCountry "NED"]
[Source "P.Boonen"]
[SourceDate "2010.01.01"]

1. e4 e6 2. d4 d5 3. e5 c5 4. c3 Qb6 5. Nf3 Bd7 6. a3 Bb5 7. b4 cxd4 8. Bxb5+
Qxb5 9. cxd4 a5 10. bxa5 Nc6 11. Nc3 Qc4 12. Bb2 Nxa5 13. Qe2 b5 14. Nxb5 Rb8
15. a4 Bb4+ 16. Kf1 Nb3 17. Qxc4 dxc4 18. Rb1 g5 19. h3 h5 20. Ke2 Ne7 21. Nxg5
Nd5 22. Ne4 Nf4+ 23. Kf3 Nd3 24. Rhd1 Rd8 25. Nbd6+ Bxd6 26. Nxd6+ Rxd6 27.
exd6 Kd7 28. Bc3 Rb8 29. a5 Kxd6 30. a6 Kd5 31. Rxd3 cxd3 32. a7 Ra8 33. Rxb3
Rxa7 34. Rb5+ Kc4 35. Rc5+ Kb3 36. Ke3 Ra2 37. Bd2 1-0

[Event "ENCI Limburg-open B"]
[Site "Maastricht"]
[Date "2009.05.31"]
[Round "5"]
[White "Schilperoort, Jeroen"]
[Black "Smits, Benjamin"]
[Result "1/2-1/2"]
[WhiteElo "1926"]
[BlackElo "1950"]
[PlyCount "91"]
[EventDate "2009.05.29"]
[EventType "swiss"]
[EventRounds "7"]
[EventCountry "NED"]
[Source "P.Boonen"]
[SourceDate "2010.01.01"]

1. Nc3 c5 2. Nf3 Nc6 3. d4 cxd4 4. Nxd4 Nf6 5. Bg5 d6 6. g3 e6 7. Bg2 Bd7 8.
Bxf6 gxf6 9. e4 a6 10. O-O Rc8 11. Nce2 Ne5 12. a4 h5 13. f4 Ng4 14. Rf3 e5 15.
h3 Nh6 16. Nb3 Qb6+ 17. Kf1 Rc4 18. Nc3 Bxa4 19. Rxa4 Rxa4 20. Nxa4 Qb5+ 21.
Kg1 Qxa4 22. Qd5 Qd7 23. Rd3 Qc8 24. Rc3 Qb8 25. Kf1 Be7 26. Na5 O-O 27. Nxb7
Rc8 28. Rxc8+ Qxc8 29. c3 Qc7 30. Na5 Kg7 31. Nc4 Ng8 32. Bf3 Qd7 33. f5 h4 34.
gxh4 Nh6 35. Bd1 Qa7 36. Qc6 a5 37. Qb6 Qa8 38. Bf3 Nxf5 39. Qxa5 Qxa5 40. Nxa5
Nxh4 41. Be2 f5 42. Nc6 Kf6 43. exf5 Nxf5 44. b4 d5 45. Kf2 Bd6 46. Bg4 1/2-1/2

[Event "ENCI Limburg-open B"]
[Site "Maastricht"]
[Date "2009.05.31"]
[Round "5"]
[White "Scholzen, Wolfgang"]
[Black "Van Liempt, Michael"]
[Result "1/2-1/2"]
[WhiteElo "2028"]
[BlackElo "1882"]
[PlyCount "100"]
[EventDate "2009.05.29"]
[EventType "swiss"]
[EventRounds "7"]
[EventCountry "NED"]
[Source "P.Boonen"]
[SourceDate "2010.01.01"]

1. e4 d6 2. d4 Nf6 3. Nc3 g6 4. f4 Bg7 5. Nf3 c5 6. dxc5 dxc5 7. Qxd8+ Kxd8 8.
Be3 b6 9. O-O-O+ Kc7 10. h3 Bb7 11. e5 Nh5 12. Bc4 Bh6 13. Nb5+ Kc8 14. Bxf7
Bxf3 15. gxf3 Bxf4 16. Be6+ Kb7 17. Bd5+ Nc6 18. Bxf4 Nxf4 19. Be4 Rad8 20.
Nxa7 Kxa7 21. Bxc6 Rhf8 22. b3 Kb8 23. h4 Kc7 24. Be4 Nh5 25. Rxd8 Rxd8 26. Rd1
Rxd1+ 27. Kxd1 Kd7 28. Bd5 Nf4 29. Bg8 h6 30. Bc4 g5 31. hxg5 hxg5 32. c3 Ng6
33. e6+ Kd6 34. b4 Ne5 35. Be2 cxb4 36. cxb4 Nc6 37. a3 Kxe6 38. Kd2 Kd5 39.
Ke3 Nd4 40. Bd3 e6 41. a4 Nb3 42. Ba6 e5 43. Kd3 Nd4 44. Bb7+ Kd6 45. a5 bxa5
46. bxa5 Kc5 47. Ke4 Kb5 48. a6 Kb6 49. Bc8 Ka7 50. Kxe5 Nxf3+ 1/2-1/2

[Event "ENCI Limburg-open B"]
[Site "Maastricht"]
[Date "2009.05.31"]
[Round "5"]
[White "Smit, Melvin"]
[Black "Goes, Dirk"]
[Result "1/2-1/2"]
[WhiteElo "1812"]
[BlackElo "1973"]
[PlyCount "41"]
[EventDate "2009.05.29"]
[EventType "swiss"]
[EventRounds "7"]
[EventCountry "NED"]
[Source "P.Boonen"]
[SourceDate "2010.01.01"]

1. d4 e6 2. Nf3 b6 3. e3 Bb7 4. Nbd2 f5 5. Bd3 Nf6 6. O-O g6 7. b3 Bg7 8. Bb2
O-O 9. c4 d6 10. Rc1 Nbd7 11. Qc2 c5 12. Rfd1 Qe7 13. Re1 e5 14. dxe5 dxe5 15.
e4 f4 16. Nb1 Ne8 17. Nfd2 Nd6 18. Qd1 h5 19. Nc3 Nf6 20. Nf3 Nf7 21. Nd5
1/2-1/2

[Event "ENCI Limburg-open B"]
[Site "Maastricht"]
[Date "2009.05.31"]
[Round "5"]
[White "Snoeck, Rene"]
[Black "De Freytas, Paul"]
[Result "0-1"]
[WhiteElo "1916"]
[BlackElo "1896"]
[PlyCount "24"]
[EventDate "2009.05.29"]
[EventType "swiss"]
[EventRounds "7"]
[EventCountry "NED"]
[Source "P.Boonen"]
[SourceDate "2010.01.01"]

1. d4 g6 2. c4 Bg7 3. Nc3 c5 4. dxc5 Bxc3+ 5. bxc3 f5 6. Nf3 Qa5 7. Qc2 Nf6 8.
h4 d6 9. e3 Nbd7 10. Be2 Ne4 11. Ng5 Ndf6 12. Bd3 Qxc3+ 0-1

[Event "ENCI Limburg-open B"]
[Site "Maastricht"]
[Date "2009.05.31"]
[Round "5"]
[White "Sofic, Narcis"]
[Black "Blijlevens, Pim"]
[Result "1-0"]
[WhiteElo "1866"]
[BlackElo "1941"]
[PlyCount "117"]
[EventDate "2009.05.29"]
[EventType "swiss"]
[EventRounds "7"]
[EventCountry "NED"]
[Source "P.Boonen"]
[SourceDate "2010.01.01"]

1. d4 d5 2. Nf3 Nf6 3. c4 c6 4. Nc3 dxc4 5. a4 Nbd7 6. e3 e6 7. Bxc4 Bb4 8. Bd2
Nb6 9. Bb3 O-O 10. O-O Qe7 11. Qe2 Nbd5 12. e4 Nxc3 13. bxc3 Ba5 14. Bc2 Bc7
15. e5 Nd7 16. Ng5 f5 17. exf6 Nxf6 18. Rae1 Re8 19. Bb3 Qd6 20. g3 h6 21. Ne4
Nxe4 22. Qxe4 Qe7 23. Bc2 Qf6 24. Re3 g6 25. Qxg6+ Qxg6 26. Bxg6 Rf8 27. Bh5
Bd7 28. Rfe1 Rad8 29. Bc1 Bd6 30. Bg4 e5 31. Bxd7 Rxd7 32. dxe5 Bc5 33. R3e2
Rdf7 34. Bf4 Kg7 35. Rd1 Re8 36. Red2 Ree7 37. Rd8 Bb6 38. R8d2 Bc7 39. Re2 Rf5
40. Kg2 Kg6 41. Rde1 h5 42. h4 Re6 43. Re4 Rf7 44. Bg5 Rd7 45. Rd4 Rxd4 46.
cxd4 c5 47. dxc5 Rxe5 48. Rxe5 Bxe5 49. a5 a6 50. Bd8 Bd4 51. Bb6 Kf5 52. f3
Be5 53. Kh3 Bb8 54. Bd8 Be5 55. g4+ Kf4 56. g5 Kf5 57. Kg2 Bd4 58. Bb6 Kf4 59.
c6 1-0

[Event "ENCI Limburg-open B"]
[Site "Maastricht"]
[Date "2009.05.31"]
[Round "5"]
[White "Staudte, Rainer"]
[Black "Cromsigt, Jeroen"]
[Result "1/2-1/2"]
[WhiteElo "1855"]
[BlackElo "1836"]
[PlyCount "67"]
[EventDate "2009.05.29"]
[EventType "swiss"]
[EventRounds "7"]
[EventCountry "NED"]
[Source "P.Boonen"]
[SourceDate "2010.01.01"]

1. d4 Nf6 2. c4 c5 3. d5 a6 4. a4 e6 5. Nc3 exd5 6. cxd5 d6 7. e4 g6 8. f4 Bg7
9. Nf3 O-O 10. Be2 Bg4 11. O-O Re8 12. h3 Bxf3 13. Bxf3 Nbd7 14. Re1 c4 15. Be3
Qc7 16. Qc2 Nc5 17. Bxc5 Qxc5+ 18. Qf2 Nd7 19. Qxc5 Nxc5 20. Ra3 Nd3 21. Rb1
Nxf4 22. b4 Bxc3 23. Rxc3 b5 24. Kf2 Nd3+ 25. Ke3 Ne5 26. Ra3 Nd7 27. Kd4 f6
28. Bg4 Nb6 29. a5 Nc8 30. Be6+ Kg7 31. g4 Ne7 32. Rf3 g5 33. Rbf1 Rf8 34. Bf5
1/2-1/2

[Event "ENCI Limburg-open B"]
[Site "Maastricht"]
[Date "2009.05.31"]
[Round "5"]
[White "Suilen, Willem"]
[Black "Corvers, John"]
[Result "1/2-1/2"]
[WhiteElo "1754"]
[BlackElo "1854"]
[PlyCount "144"]
[EventDate "2009.05.29"]
[EventType "swiss"]
[EventRounds "7"]
[EventCountry "NED"]
[Source "P.Boonen"]
[SourceDate "2010.01.01"]

1. e4 c5 2. Nf3 d6 3. d4 cxd4 4. Nxd4 Nc6 5. Nc3 Nf6 6. f3 g6 7. Be3 Bg7 8. Bc4
O-O 9. Qd2 a6 10. O-O-O Qc7 11. Bb3 Re8 12. h4 h5 13. Rdg1 Na5 14. Bh6 Nxb3+
15. Nxb3 Be6 16. Bxg7 Kxg7 17. g4 b5 18. gxh5 Nxh5 19. Qg5 Kh7 20. Nd4 Qc4 21.
Nf5 Bxf5 22. exf5 Qf4+ 23. Qxf4 Nxf4 24. Rg4 e5 25. fxe6 Nxe6 26. Rg2 Nf4 27.
Rd2 Re6 28. Ne4 Kg7 29. Rxd6 Rxd6 30. Nxd6 Rd8 31. Ne4 Rd5 32. Ng3 g5 33. hxg5
Rxg5 34. Ne4 Rg2 35. Rh4 Ne2+ 36. Kd1 f5 37. Nc5 Ng1 38. Ne6+ Kf6 39. Rh6+ Ke5
40. f4+ Ke4 41. Nc5+ Kxf4 42. Nd3+ Kg5 43. Rxa6 Nh3 44. Ra8 Kg4 45. Rg8+ Ng5
46. Rd8 Nf3 47. Rg8+ Ng5 48. Ne1 Rf2 49. Nd3 Rg2 50. Rb8 Rg1+ 51. Kd2 Ne4+ 52.
Ke2 Rg2+ 53. Kd1 Rh2 54. Rxb5 Rh1+ 55. Ne1 f4 56. Re5 Nd6 57. Re2 f3 58. Rf2
Ne4 59. Rxf3 Rxe1+ 60. Kxe1 Kxf3 61. a4 Ke3 62. a5 Nc5 63. b4 Na4 64. b5 Kd4
65. b6 Nc5 66. b7 Na6 67. Kd2 Kc4 68. Ke3 Kc3 69. Ke4 Kc4 70. c3 Kc5 71. c4
Kxc4 72. Ke3 Kc3 1/2-1/2

[Event "ENCI Limburg-open B"]
[Site "Maastricht"]
[Date "2009.05.31"]
[Round "5"]
[White "Taverniers, Peter"]
[Black "Schubert, Karl"]
[Result "0-1"]
[WhiteElo "1792"]
[BlackElo "1850"]
[PlyCount "80"]
[EventDate "2009.05.29"]
[EventType "swiss"]
[EventRounds "7"]
[EventCountry "NED"]
[Source "P.Boonen"]
[SourceDate "2010.01.01"]

1. c4 d6 2. Nc3 f5 3. g3 Nf6 4. Bg2 g6 5. d4 Bg7 6. e3 O-O 7. Nge2 c6 8. O-O
Qe8 9. d5 Na6 10. Rb1 Bd7 11. b4 Nc7 12. dxc6 Bxc6 13. b5 Bxg2 14. Kxg2 Qf7 15.
Qb3 b6 16. Rd1 Ne4 17. Bb2 Nc5 18. Qb4 g5 19. Nd5 e5 20. Nxc7 Qxc7 21. Qd2 Rad8
22. Qd5+ Kh8 23. f3 Qe7 24. Rd2 Qe8 25. Rbd1 g4 26. Qc6 gxf3+ 27. Qxf3 Qg6 28.
Rd5 Ne6 29. Kh1 Ng5 30. Qg2 Kg8 31. Ba3 Ne4 32. Bb4 Bh6 33. R1d3 Rf6 34. a4 Rc8
35. a5 Rxc4 36. Bc3 Bf8 37. axb6 axb6 38. Be1 Rc2 39. Qf1 Qh5 40. Nc3 Qxh2# 0-1

[Event "ENCI Limburg-open B"]
[Site "Maastricht"]
[Date "2009.05.31"]
[Round "5"]
[White "Van Steenkiste, Luc"]
[Black "Sewalt, Vincent"]
[Result "0-1"]
[WhiteElo "1827"]
[BlackElo "1954"]
[PlyCount "66"]
[EventDate "2009.05.29"]
[EventType "swiss"]
[EventRounds "7"]
[EventCountry "NED"]
[Source "P.Boonen"]
[SourceDate "2010.01.01"]

1. d4 d5 2. e4 dxe4 3. Nc3 e5 4. Nxe4 Qxd4 5. Bd3 Nc6 6. Nf3 Qd8 7. Be3 f5 8.
Neg5 h6 9. Qe2 hxg5 10. O-O-O Bd6 11. Nxg5 Nf6 12. Bc4 Rf8 13. Nh7 Qe7 14. Nxf8
Kxf8 15. Bg5 Be6 16. h4 Bxc4 17. Qxc4 Qf7 18. Qa4 a6 19. c4 Nd4 20. f3 Qd7 21.
Qxd7 Nxd7 22. h5 Kf7 23. Kd2 b5 24. Rc1 f4 25. Kd3 Nc5+ 26. Kd2 bxc4 27. Rxc4
Nf5 28. Rcc1 Rh8 29. Bh4 Rxh5 30. Bf2 Rxh1 31. Rxh1 e4 32. fxe4 Nxe4+ 33. Ke1
Bb4+ 0-1

[Event "ENCI Limburg-open B"]
[Site "Maastricht"]
[Date "2009.05.31"]
[Round "5"]
[White "Van den Born, Ico"]
[Black "Hoelting, Siegfried"]
[Result "1/2-1/2"]
[WhiteElo "1876"]
[BlackElo "1780"]
[PlyCount "93"]
[EventDate "2009.05.29"]
[EventType "swiss"]
[EventRounds "7"]
[EventCountry "NED"]
[Source "P.Boonen"]
[SourceDate "2010.01.01"]

1. c4 e5 2. Nc3 Nc6 3. Nf3 Nf6 4. e4 Bb4 5. d3 h6 6. g3 d6 7. Bg2 O-O 8. O-O
Bg4 9. Be3 Qd7 10. a3 Bxc3 11. bxc3 Ne7 12. Qc2 Bh3 13. Rad1 Bxg2 14. Kxg2 Ng4
15. Bc1 f5 16. d4 Qc6 17. Nd2 exd4 18. cxd4 Kh8 19. h3 Nf6 20. f3 fxe4 21. fxe4
d5 22. Rde1 Nxe4 23. Nxe4 Rxf1 24. Kxf1 dxe4 25. Rxe4 Nf5 26. Kf2 Rf8 27. d5
Qc5+ 28. Kg2 Nd6 29. Rh4 Rf6 30. Bb2 Nf5 31. Re4 Rf8 32. Qe2 Qd6 33. Rg4 Qd7
34. Rg6 Qf7 35. Re6 Kg8 36. Kh2 h5 37. Be5 h4 38. g4 Ng3 39. Bxg3 hxg3+ 40.
Kxg3 b6 41. Kg2 a6 42. Re7 Qf4 43. h4 b5 44. c5 Qd4 45. Rd7 Qxc5 46. h5 Qc1 47.
Kh2 1/2-1/2

[Event "ENCI Limburg-open B"]
[Site "Maastricht"]
[Date "2009.05.31"]
[Round "5"]
[White "Vandersmissen, Hans"]
[Black "Camps, Jeroen"]
[Result "1/2-1/2"]
[WhiteElo "1792"]
[BlackElo "1740"]
[PlyCount "35"]
[EventDate "2009.05.29"]
[EventType "swiss"]
[EventRounds "7"]
[EventCountry "NED"]
[Source "P.Boonen"]
[SourceDate "2010.01.01"]

1. e4 c5 2. Nc3 a6 3. f4 e6 4. a3 b5 5. Nf3 Bb7 6. d3 Nf6 7. Be2 d5 8. e5 Ng4
9. d4 Qb6 10. a4 b4 11. a5 Qa7 12. Na4 Nd7 13. Nd2 Nh6 14. Nf3 Nf5 15. c3 bxc3
16. bxc3 cxd4 17. cxd4 Bb4+ 18. Bd2 1/2-1/2

[Event "ENCI Limburg-open B"]
[Site "Maastricht"]
[Date "2009.05.31"]
[Round "5"]
[White "Von Meijenfeldt, Bart"]
[Black "Pijlman, Rene"]
[Result "1-0"]
[WhiteElo "1984"]
[BlackElo "1886"]
[PlyCount "69"]
[EventDate "2009.05.29"]
[EventType "swiss"]
[EventRounds "7"]
[EventCountry "NED"]
[Source "P.Boonen"]
[SourceDate "2010.01.01"]

1. e4 c5 2. Nc3 Nc6 3. Bb5 Nd4 4. Bc4 e6 5. Nge2 a6 6. Nxd4 cxd4 7. Ne2 b5 8.
Bb3 d6 9. c3 Bb7 10. d3 dxc3 11. bxc3 Be7 12. O-O Nf6 13. Be3 Qc7 14. c4 bxc4
15. Rc1 O-O 16. Rxc4 Qa5 17. Ng3 d5 18. Ra4 Qc7 19. exd5 Nxd5 20. Rc4 Qe5 21.
Bd4 Qg5 22. Bxg7 Rfc8 23. Rg4 Qxg7 24. Nh5 Qg6 25. Bxd5 Bxd5 26. Nf4 Qxg4 27.
Qxg4+ Kf8 28. Nxd5 exd5 29. Qd4 Kg8 30. Qxd5 Bf6 31. Qf5 Bg7 32. h4 Rc6 33. h5
h6 34. d4 Rd8 35. d5 1-0

[Event "ENCI Limburg-open B"]
[Site "Maastricht"]
[Date "2009.05.31"]
[Round "5"]
[White "Wissink, Sander"]
[Black "Guelpen, Markus"]
[Result "1-0"]
[WhiteElo "1945"]
[BlackElo "2032"]
[PlyCount "160"]
[EventDate "2009.05.29"]
[EventType "swiss"]
[EventRounds "7"]
[EventCountry "NED"]
[Source "P.Boonen"]
[SourceDate "2010.01.01"]

1. e4 c5 2. Nf3 Nc6 3. d4 cxd4 4. Nxd4 Nf6 5. Nc3 e5 6. Ndb5 d6 7. Bg5 a6 8.
Na3 b5 9. Nd5 Be7 10. Bxf6 Bxf6 11. c3 Bg5 12. Nc2 O-O 13. h4 Bh6 14. g4 Bf4
15. Qf3 Be6 16. Nxf4 Qf6 17. g5 Qxf4 18. Qxf4 exf4 19. Bh3 Rae8 20. Bxe6 Rxe6
21. O-O-O Rxe4 22. Rxd6 Rc8 23. Rhd1 Kf8 24. Nd4 Nb8 25. Rb6 g6 26. a3 Kg7 27.
f3 Re5 28. Rg1 Rd5 29. Kb1 h5 30. Re1 Rcd8 31. Rb7 Kf8 32. Re4 R5d7 33. Rxd7
Nxd7 34. Rxf4 Re8 35. Kc2 Kg7 36. b4 f5 37. Nc6 Re2+ 38. Kd3 Ra2 39. Rd4 Nf8
40. Nb8 Rxa3 41. Rd6 a5 42. bxa5 Rxa5 43. Rb6 Ra4 44. Rb7+ Kg8 45. Rxb5 Rxh4
46. c4 Rf4 47. c5 Rxf3+ 48. Kd2 Ne6 49. c6 Nxg5 50. c7 Ne4+ 51. Ke1 Re3+ 52.
Kf1 Nd6 53. Rd5 Re7 54. Na6 Rxc7 55. Nxc7 Nf7 56. Ne6 Nh6 57. Rd7 Nf7 58. Kg2
g5 59. Rd5 Nh6 60. Rc5 Kf7 61. Nxg5+ Kg6 62. Nf3 Ng4 63. Rc6+ Kf7 64. Kg3 Ne3
65. Kf4 Ng2+ 66. Kxf5 Ke7 67. Rh6 Ne3+ 68. Kg5 Nd5 69. Nd4 h4 70. Kxh4 Kf7 71.
Kg5 Ke7 72. Re6+ Kf7 73. Kf5 Nc7 74. Rd6 Ke7 75. Ke5 Ne8 76. Re6+ Kd7 77. Nb5
Ng7 78. Rd6+ Ke7 79. Ra6 Ne8 80. Ra7+ Kd8 1-0

[Event "ENCI Limburg-open B"]
[Site "Maastricht"]
[Date "2009.06.01"]
[Round "6"]
[White "Bieberle, Gerhardt"]
[Black "Van Steenkiste, Luc"]
[Result "0-1"]
[WhiteElo "1742"]
[BlackElo "1827"]
[PlyCount "78"]
[EventDate "2009.05.29"]
[EventType "swiss"]
[EventRounds "7"]
[EventCountry "NED"]
[Source "P.Boonen"]
[SourceDate "2010.01.01"]

1. d4 f5 2. c4 d6 3. f4 Nf6 4. Nf3 e6 5. e3 Be7 6. Bd3 O-O 7. O-O h6 8. Nc3 b6
9. Qc2 Bb7 10. b4 a5 11. b5 Qe8 12. a4 Qh5 13. Ne2 Nbd7 14. Ng3 Qg6 15. Bb2 Ne4
16. Bxe4 fxe4 17. Nd2 Nf6 18. f5 Qg5 19. Rae1 Ng4 20. Qb3 exf5 21. c5+ Kh7 22.
cxb6 cxb6 23. d5 Nxh2 24. Kxh2 Qh4+ 25. Kg1 Qxg3 26. Rf2 Bh4 27. Ref1 Qg6 28.
Nxe4 Bxf2+ 29. Nxf2 f4 30. e4 f3 31. g4 Rf4 32. Qc3 Rc8 33. Qd3 Rxg4+ 34. Nxg4
Qxg4+ 35. Kf2 Qg2+ 36. Ke3 Qxb2 37. Kf4 Qe5+ 38. Kg4 Rc3 39. Rb1 Bc8+ 0-1

[Event "ENCI Limburg-open B"]
[Site "Maastricht"]
[Date "2009.06.01"]
[Round "6"]
[White "Blijlevens, Pim"]
[Black "Maas, Joop"]
[Result "1-0"]
[WhiteElo "1941"]
[BlackElo "1827"]
[PlyCount "77"]
[EventDate "2009.05.29"]
[EventType "swiss"]
[EventRounds "7"]
[EventCountry "NED"]
[Source "P.Boonen"]
[SourceDate "2010.01.01"]

1. d4 d5 2. c4 e6 3. Nc3 Nf6 4. Nf3 Be7 5. Bf4 Nbd7 6. e3 a6 7. Qc2 dxc4 8.
Bxc4 b5 9. Bd3 O-O 10. e4 h6 11. g4 c5 12. e5 Ne8 13. Be4 Ra7 14. d5 exd5 15.
Nxd5 Nb6 16. Ne3 Be6 17. h4 Nd5 18. Nxd5 Bxd5 19. g5 Bxe4 20. Qxe4 h5 21. O-O
Qc8 22. Kh2 g6 23. Rad1 Ng7 24. Rd2 Rd7 25. Rfd1 Rxd2 26. Rxd2 Rd8 27. Rxd8+
Qxd8 28. Nd2 Ne6 29. Be3 c4 30. a4 Bb4 31. Nf3 Ba5 32. Nd4 Nxd4 33. Bxd4 Bb6
34. Bc3 Bc7 35. Kg2 Kh7 36. axb5 axb5 37. e6 Qe7 38. Qd4 Qf8 39. e7 1-0